000 00430nam a2200181Ia 4500
008 151121s9999||||xx |||||||||||||| ||und||
082 _a823-/MAI
082 _bHNW-52167
100 _aMathur G।L।
245 _aErotic Indian Tales
260 _c--
300 _a202
600 _aMathur G।L।
630 _aErotic Indian Tales
700 _aMathur G।L।
730 _aErotic Indian Tales
942 _cBOOK
999 _c1236312
_d1236309